000 00881nam a2200265Ia 4500
003 OSt
005 20220924113157.0
006 a|||||r|||| 00| 0
007 ta
008 220923b |||||||| |||| 00| 0 eng d
024 _a149594
037 _cDictionary
040 _aARTS
_cARTS
_beng
041 _2eng
_aeng
082 _aY1:4:67, M3
110 _aNato advanced study institute on research and innovation in child abuse and neglect (Lee Arcs)
_9169634
245 0 _aProceedings edited by Jerome E Leavitt
260 _aThe
_bHague Matinus Nijhoff
_c1983
300 _axi,340p.
_ccm.
490 _aNato advanced science institute series
650 _aSOCIOLOGY
700 _aNato advanced study institute on research and innovation in child abuse and neglect (Lee Arcs)
_9169635
942 _hY1:4:67, M3
_cdic
_2cc
999 _c389451
_d389451